| 000 | 00537cam a2200181 a 4500 | ||
|---|---|---|---|
| 020 | _a0030296579 | ||
| 040 | _cCtHGC | ||
| 082 | 0 | 0 | _a628 SAU 1990 A056 Or. |
| 100 | 1 | _aCarberry, Judith B. | |
| 245 | 1 | 0 | _aEnvironmental systems and engineering / |
| 260 |
_aPhiladelphia : _bSaunders College Publishing, _cc1990. |
||
| 300 |
_aviii, 263 p. : _bill. ; _c24 cm. |
||
| 650 | 0 | _aSewage | |
| 650 | 0 | _aSewage. | |
| 650 | 0 | _aEnvironmental engineering. | |
| 856 | 4 | 1 | _uhttp://www.loc.gov/catdir/enhancements/fy0636/94189417-t.html |
| 942 | _cEK | ||
| 999 |
_c15839 _d15839 |
||